000 00586cam a22002053a 4500
001 45853
003 PGUSA
005 20140828084051.0
008 140601s2014||||xxu|||||s|||||000 | eng d
040 _aPGUSA
_beng
042 _adc
100 1 _aMercer, H. C.
245 1 4 _aThe Lenape Stone ;
_bor, The Indian and the Mammoth
_h[electronic resource] /
_cH. C. Mercer
260 _bProject Gutenberg,
_c2014
506 _aPublic domain in the USA.
516 _aElectronic text
830 0 _aProject Gutenberg
_v45853
856 4 0 _uhttp://www.gutenberg.org/ebooks/45853
942 _cEB
999 _c275103
_d275103